| 000 | 00422nam a2200157Ia 4500 | ||
|---|---|---|---|
| 008 | 180910s9999 xx 000 0 und d | ||
| 100 | _aEducational leadership. | ||
| 245 | _aEducational leadership / | ||
| 245 | _cEducational leadership. | ||
| 260 | _bGoldenrey | ||
| 260 | _c2018 | ||
| 300 | _a96 pages. | ||
| 440 |
_aLeading the enrgized school _v75 : 6 |
||
| 650 | _aEducation -- research. | ||
| 650 | _aEducation. | ||
| 999 |
_c358719 _d358719 |
||